All Countries Ranked By HDI - Statistics

General Stats
  • This quiz has been taken 6 times
  • The average score is 75 of 148
Answers on the Map
Answers color-coded by a green-red scale on the quiz's map according to % correct below.
 
Answer Stats
Hint Country % Correct
D Denmark
100%
N Norway
100%
A Australia
80%
B Belgium
80%
F Finland
80%
G Germany
80%
I Ireland
80%
I Israel
80%
N Netherlands
80%
N New Zealand
80%
S Sweden
80%
U United Kingdom
80%
U United States
80%
Y Yemen
80%
A Afghanistan
60%
A Albania
60%
A Angola
60%
A Argentina
60%
B Bahrain
60%
B Benin
60%
B Brunei
60%
B Burkina Faso
60%
B Burundi
60%
C Canada
60%
C Chad
60%
C Comoros
60%
I Côte d’Ivoire
60%
C Croatia
60%
C Cyprus
60%
C Czechia
60%
D Djibouti
60%
E Egypt
60%
E Estonia
60%
E Ethiopia
60%
F France
60%
G Gambia
60%
G Georgia
60%
G Greece
60%
H Haiti
60%
I Indonesia
60%
I Iran
60%
I Iraq
60%
I Italy
60%
J Japan
60%
K Kuwait
60%
L Liberia
60%
L Liechtenstein
60%
L Luxembourg
60%
M Mali
60%
M Malta
60%
M Montenegro
60%
M Mozambique
60%
N Niger
60%
O Oman
60%
P Panama
60%
P Papua New Guinea
60%
P Paraguay
60%
P Philippines
60%
P Poland
60%
P Portugal
60%
Q Qatar
60%
R Romania
60%
R Russia
60%
R Rwanda
60%
S Saudi Arabia
60%
S Senegal
60%
S Singapore
60%
S South Korea
60%
S Sudan
60%
S Switzerland
60%
T Turkey
60%
U United Arab Emirates
60%
Z Zambia
60%
A Algeria
40%
A Armenia
40%
A Austria
40%
A Azerbaijan
40%
B Bangladesh
40%
B Belarus
40%
B Bolivia
40%
B Bosnia and Herzegovina
40%
B Brazil
40%
B Bulgaria
40%
C Cambodia
40%
C Central African Republic
40%
C Chile
40%
C China
40%
C Colombia
40%
C Costa Rica
40%
D Dominica
40%
D Dominican Republic
40%
E Ecuador
40%
E El Salvador
40%
F Fiji
40%
G Ghana
40%
G Guatemala
40%
G Guinea
40%
H Honduras
40%
H Hungary
40%
I India
40%
J Jordan
40%
K Kazakhstan
40%
K Kenya
40%
K Kiribati
40%
L Laos
40%
L Latvia
40%
L Lebanon
40%
L Lesotho
40%
L Libya
40%
L Lithuania
40%
M Madagascar
40%
M Malawi
40%
M Malaysia
40%
M Mauritius
40%
M Mexico
40%
M Moldova
40%
M Mongolia
40%
M Morocco
40%
N Namibia
40%
N Nepal
40%
N Nicaragua
40%
N North Macedonia
40%
P Pakistan
40%
P Peru
40%
S São Tomé and Príncipe
40%
S Serbia
40%
S Sierra Leone
40%
S Slovakia
40%
S Slovenia
40%
S South Africa
40%
S South Sudan
40%
S Spain
40%
S Sri Lanka
40%
T Tanzania
40%
T Thailand
40%
T Togo
40%
T Tunisia
40%
U Uganda
40%
U Ukraine
40%
V Vanuatu
40%
V Vietnam
40%
B Bhutan
20%
E Eswatini
20%
M Myanmar
20%
E Timor-Leste
20%
C Cabo Verde
0%
M Micronesia
0%
S Samoa
0%
No matching quizzes found
Score Distribution
Percent of People with Each Score
Percentile by Number Answered
Your Score History
You have not taken this quiz